[Event "ESP-ch Universities"]
[Site "Madrid"]
[Date "2008.05.08"]
[Round "3"]
[White "Pazos Porta, Antonio"]
[Black "Jane Basora, Rafael Lluis"]
[Result "1-0"]
[WhiteElo "2176"]
[BlackElo "1998"]
[PlyCount "93"]
[EventDate "2008.05.08"]
[EventType "swiss"]
[EventRounds "9"]
[EventCountry "ESP"]
[SourceTitle "CBM 124 Extra"]
[Source "ChessBase"]
[SourceDate "2008.07.03"]
[SourceVersion "1"]
[SourceVersionDate "2008.07.03"]
[SourceQuality "1"]

1. Nc3 c5 2. e4 e6 3. g3 Nc6 4. Bg2 a6 5. f4 b5 6. Nf3 Bb7 7. 0-0 Be7 8. h3 h5 9. d3 Qc7 10. Be3 Rc8 11. Qd2 Nf6 12. Rae1 b4 13. Nd1 d5 14. exd5 Nxd5 15. Re2 Nxe3 16. Nxe3 0-0 17. Nc4 Bf6 18. Nfe5 g6 19. c3 bxc3 20. bxc3 Bg7 21. Qe3 Rfd8 22. Rb2 Nxe5 23. fxe5 Bxg2 24. Kxg2 Rb8 25. Rbf2 Bf8 26. Rxf7 Qxf7 27. Rxf7 Kxf7 28. Qf3+ Kg7 29. g4 hxg4 30. hxg4 Be7 31. Qc6 Kf7 32. Qf3+ Kg7 33. Qc6 Kf7 34. Nd6+ Kg7 35. Kf3 Rf8+ 36. Ke4 Rb1 37. d4 Rd1 38. Qd7 Re1+ 39. Kd3 Rf3+ 40. Kd2 Ref1 41. Qxe7+ Kg8 42. Ne4 Rf7 43. Qxe6 Kg7 44. d5 c4 45. d6 Rg1 46. d7 Rf3 47. Qf6+ 1-0

[Event "Manresa op"]
[Site "Manresa"]
[Date "2007.??.??"]
[Round "1"]
[White "Gonzalez Vidal, Yuri"]
[Black "Jane Basora, Rafael Lluis"]
[Result "1-0"]
[WhiteElo "2475"]
[BlackElo "1990"]
[PlyCount "25"]
[EventDate "2007.08.14"]
[EventType "swiss"]
[EventRounds "9"]
[EventCountry "ESP"]
[SourceTitle "CBM 120 Extra"]
[Source "ChessBase"]
[SourceDate "2007.11.01"]
[SourceVersion "1"]
[SourceVersionDate "2007.11.01"]
[SourceQuality "1"]

1. e4 b6 2. d4 Bb7 3. Bd3 e6 4. Nf3 c5 5. c3 Nf6 6. Qe2 Be7 7. 0-0 c4 8. Bc2 Qc7 9. Bg5 d5 10. e5 Ng8 11. Nbd2 Bxg5 12. Nxg5 h6 13. Qh5 1-0